[Event "4NCL/Div2/PER-BCCA"]
[Site "Rd3-Birmingham"]
[Date "1999.11.20"]
[Round "3.7"]
[White "Hebbes, Tim"]
[Black "Milnes, Anthony"]
[Result "0-1"]
[WhiteElo "1944"]
[BlackElo "2056"]
[PlyCount "92"]
[EventDate "1999.11.20"]
[Source "Britbase"]
[SourceDate "2000.01.01"]

1. e4 e6 2. d4 d5 3. Nc3 Bb4 4. exd5 exd5 5. Bd3 Nf6 6. Bg5 O-O 7. Nge2 c6 8.
O-O Bg4 9. Qd2 Bh5 10. Ng3 Bg6 11. a3 Bxd3 12. Qxd3 Bd6 13. Nh5 Nbd7 14. f4 Be7
15. Rae1 Re8 16. Ng3 Qb6 17. Nf5 Bf8 18. b4 Rxe1 19. Rxe1 Re8 20. Rxe8 Nxe8 21.
Ne2 a5 22. c3 Ndf6 23. Neg3 h6 24. Bh4 axb4 25. axb4 Qa7 26. h3 Qa3 27. Qd2
Qa1+ 28. Kh2 Qb1 29. Qe3 Qc2 30. Qe1 Ne4 31. Nxe4 dxe4 32. Ne3 Qd3 33. Ng4 Nd6
34. Ne5 Qc2 35. Bd8 f6 36. Ng4 Nf5 37. Bb6 Bd6 38. Qf1 Qxc3 39. b5 Qg3+ 40. Kg1
Bxf4 41. Qc4+ Kh8 42. Qb4 Ne3 43. Qf8+ Kh7 44. Nxf6+ gxf6 45. Qe7+ Kg6 46. Qe8+
Kg5 0-1

[Event "4NCL/Div2/PER-BCCA"]
[Site "Rd3-Birmingham"]
[Date "1999.11.20"]
[Round "3.8"]
[White "Khoo, Teresa"]
[Black "Bennet, William"]
[Result "1-0"]
[WhiteElo "1296"]
[BlackElo "1696"]
[PlyCount "87"]
[EventDate "1999.11.20"]
[Source "Britbase"]
[SourceDate "2000.01.01"]

1. e4 c5 2. Nf3 Nc6 3. d4 cxd4 4. Nxd4 g6 5. Nc3 Bg7 6. Be3 Nf6 7. Be2 O-O 8.
O-O d6 9. Kh1 Bd7 10. f4 Rc8 11. Nb3 a6 12. a3 b5 13. Bf3 Na5 14. Nxa5 Qxa5 15.
e5 Ne8 16. Nd5 Rb8 17. Ba7 Qd8 18. Bxb8 Qxb8 19. Nxe7+ Kh8 20. c3 Be6 21. Nc6
Qc7 22. exd6 Nxd6 23. Nd4 Bc4 24. Re1 Nb7 25. b3 Be6 26. Nxe6 fxe6 27. Rxe6 Nc5
28. Rc6 Qe7 29. b4 Na4 30. Qe1 Qf7 31. Rd1 Qxf4 32. Qd2 Qh4 33. Qe1 Qf4 34. Qd2
Qf7 35. Re1 h6 36. Qe3 g5 37. Re6 Bf6 38. Re8 Kg7 39. Rxf8 Kxf8 40. Rc1 g4 41.
Qxh6+ Kg8 42. Bxg4 Qe7 43. Qg6+ Kh8 44. Rf1 1-0

[Event "4NCL/Div2/SCS-SWD"]
[Site "Rd3-Birmingham"]
[Date "1999.11.20"]
[Round "3.1"]
[White "Greet, Andrew"]
[Black "Cobb, James"]
[Result "0-1"]
[WhiteElo "2215"]
[BlackElo "2349"]
[PlyCount "66"]
[EventDate "1999.11.20"]
[Source "Britbase"]
[SourceDate "2000.01.01"]

1. e4 e5 2. Nf3 Nc6 3. Bc4 Nf6 4. d3 Be7 5. O-O O-O 6. c3 d6 7. Nbd2 Na5 8. Bb5
a6 9. Ba4 b5 10. Bc2 c5 11. Re1 Nc6 12. Nf1 Re8 13. Ng3 h6 14. h3 Bf8 15. d4
Qc7 16. d5 Ne7 17. Nxe5 dxe5 18. d6 Qc6 19. dxe7 Bxe7 20. Qe2 c4 21. Nf5 Bf8
22. g4 Kh7 23. Qe3 Nd7 24. Qg3 Nc5 25. Kh2 g6 26. Ne3 Be6 27. Rg1 Rad8 28. Nf5
Nd3 29. Bxh6 Bxh6 30. Qh4 gxf5 31. exf5 Qf3 32. g5 Bxf5 33. gxh6 Qf4+ 0-1

[Event "4NCL/Div2/SCS-SWD"]
[Site "Rd3-Birmingham"]
[Date "1999.11.20"]
[Round "3.2"]
[White "Zeidler, Sven"]
[Black "Bigg, Andrew"]
[Result "1-0"]
[WhiteElo "2235"]
[BlackElo "2208"]
[PlyCount "133"]
[EventDate "1999.11.20"]
[Source "Britbase"]
[SourceDate "2000.01.01"]

1. e4 e6 2. d4 d5 3. exd5 exd5 4. Nf3 Bd6 5. c4 c6 6. Nc3 Ne7 7. c5 Bc7 8. Bd3
Bf5 9. O-O O-O 10. Re1 Bxd3 11. Qxd3 Ng6 12. Re2 Nd7 13. Qf5 Nf6 14. Bg5 Qd7
15. Nh4 Nxh4 16. Qxd7 Nxd7 17. Bxh4 Rfe8 18. Rae1 Rxe2 19. Rxe2 f6 20. b4 Kf7
21. Bg3 Bxg3 22. hxg3 b5 23. a4 a6 24. Ra2 Re8 25. Kf1 Nb8 26. axb5 axb5 27.
Ra7+ Re7 28. Ra8 Re8 29. Ne2 g5 30. Nc1 Nd7 31. Ra7 Re7 32. Nb3 Nf8 33. Ra6 Rc7
34. Na5 Ne6 35. Nxc6 Ke8 36. Ra8+ Kd7 37. Nb8+ Ke7 38. Na6 Rd7 39. c6 Rd8 40.
Ra7+ Kd6 41. Nc5 Rc8 42. Nxe6 Kxe6 43. c7 Kd7 44. Ra5 Rxc7 45. Rxb5 Rc4 46.
Rxd5+ Ke6 47. Rb5 Rxd4 48. Ke2 h5 49. Ke3 Rd1 50. f4 gxf4+ 51. gxf4 Rb1 52. Kd4
h4 53. f5+ Kd6 54. Rb6+ Ke7 55. Kc5 Rf1 56. Rb7+ Kf8 57. b5 Rxf5+ 58. Kc6 Rf2
59. Rh7 Rxg2 60. Rxh4 Kg7 61. Rb4 Rc2+ 62. Kd5 Rd2+ 63. Kc5 f5 64. b6 Rd8 65.
b7 Rb8 66. Rb6 f4 67. Kc6 1-0

[Event "4NCL/Div2/SCS-SWD"]
[Site "Rd3-Birmingham"]
[Date "1999.11.20"]
[Round "3.3"]
[White "Deva, Chetan"]
[Black "James, David J"]
[Result "1/2-1/2"]
[WhiteElo "2127"]
[BlackElo "2252"]
[PlyCount "42"]
[EventDate "1999.11.20"]
[Source "Britbase"]
[SourceDate "2000.01.01"]

1. c4 e5 2. g3 Nc6 3. Bg2 g6 4. Nc3 Bg7 5. d3 f5 6. Nf3 d6 7. O-O Nf6 8. Rb1
O-O 9. b4 h6 10. b5 Ne7 11. Ne1 Nh5 12. Qb3 f4 13. c5+ Kh8 14. Ba3 Nf6 15. cxd6
cxd6 16. Nc2 Nf5 17. b6 axb6 18. Qxb6 Nd4 19. Nxd4 Rxa3 20. Qxd8 Rxd8 21. Ndb5
Ra5 1/2-1/2

[Event "4NCL/Div2/SCS-SWD"]
[Site "Rd3-Birmingham"]
[Date "1999.11.20"]
[Round "3.4"]
[White "Richmond, Peter"]
[Black "Noakes, Matthew"]
[Result "1-0"]
[WhiteElo "2202"]
[BlackElo "2056"]
[PlyCount "57"]
[EventDate "1999.11.20"]
[Source "Britbase"]
[SourceDate "2000.01.01"]

1. e4 e5 2. Nf3 Nc6 3. Bc4 Bc5 4. b4 Bxb4 5. c3 Ba5 6. O-O Qf6 7. d4 h6 8. dxe5
Nxe5 9. Nxe5 Qxe5 10. Qb3 Qh5 11. Ba3 c6 12. Nd2 Bd8 13. e5 Ne7 14. f4 O-O 15.
Ne4 b5 16. Bd3 Qg4 17. f5 Nd5 18. Rf3 Re8 19. Bd6 Nf4 20. Rg3 Ne2+ 21. Bxe2
Qxe4 22. Bd3 Qa4 23. f6 Qxb3 24. Rxg7+ Kh8 25. axb3 Bb6+ 26. Kh1 Bb7 27. Rxf7
c5 28. Rh7+ Kg8 29. f7# 1-0

[Event "4NCL/Div2/SCS-SWD"]
[Site "Rd3-Birmingham"]
[Date "1999.11.20"]
[Round "3.5"]
[White "Rattray, Ross"]
[Black "Saunders, John"]
[Result "0-1"]
[WhiteElo "1888"]
[BlackElo "2200"]
[PlyCount "58"]
[EventDate "1999.11.20"]
[Source "Britbase"]
[SourceDate "2000.01.01"]

1. e4 c6 2. c4 d5 3. exd5 cxd5 4. d4 Nf6 5. Nc3 g6 6. Nf3 Bg7 7. Ne5 O-O 8. Be3
Nc6 9. f4 Be6 10. c5 Nd7 11. Nxc6 bxc6 12. b4 a5 13. a3 Qc7 14. Rb1 axb4 15.
axb4 Ra3 16. Qc2 Bf5 17. Bd3 e5 18. Bc1 Rxc3 19. Qxc3 exd4 20. Qd2 Re8+ 21. Kd1
Bg4+ 22. Kc2 Re3 23. Rb3 Qxf4 24. h3 Bf5 25. Re1 Ne5 26. Rxe3 dxe3 27. Qxe3
Qc4+ 28. Rc3 Bxd3+ 29. Qxd3 Qa2+ 0-1

[Event "4NCL/Div2/SCS-SWD"]
[Site "Rd3-Birmingham"]
[Date "1999.11.20"]
[Round "3.6"]
[White "Morris, Charles"]
[Black "Cooley, Oliver"]
[Result "1-0"]
[WhiteElo "2231"]
[BlackElo "1896"]
[PlyCount "55"]
[EventDate "1999.11.20"]
[Source "Britbase"]
[SourceDate "2000.01.01"]

1. c4 g6 2. Nf3 Bg7 3. d4 f5 4. g3 Nf6 5. Bg2 O-O 6. Nc3 d6 7. O-O Nc6 8. d5
Ne5 9. Nxe5 dxe5 10. b3 e4 11. Qc2 e6 12. Ba3 Rf7 13. Rfd1 exd5 14. cxd5 Rd7
15. Rac1 Nxd5 16. Nxd5 Rxd5 17. Rxd5 Qxd5 18. Rd1 Qe5 19. Rd8+ Kf7 20. Bf1 Bf6
21. Rf8+ Kg7 22. Rxf6 Qa5 23. Bb2 Kh6 24. Qc1+ Kh5 25. h4 f4 26. Qxf4 Bg4 27.
Bc1 g5 28. hxg5 1-0

[Event "4NCL/Div2/SCS-SWD"]
[Site "Rd3-Birmingham"]
[Date "1999.11.20"]
[Round "3.7"]
[White "Habibi, Amir"]
[Black "Cast, Abigail"]
[Result "1/2-1/2"]
[WhiteElo "1696"]
[BlackElo "2119"]
[PlyCount "59"]
[EventDate "1999.11.20"]
[Source "Britbase"]
[SourceDate "2000.01.01"]

1. e4 e6 2. d4 d5 3. Nc3 Nf6 4. e5 Nfd7 5. f4 c5 6. Nf3 Nc6 7. Ne2 Qb6 8. c3
Be7 9. g3 h5 10. h4 Na5 11. b3 c4 12. b4 Nc6 13. a3 a5 14. Bb2 axb4 15. axb4
Rxa1 16. Qxa1 Bxb4 17. cxb4 Nxb4 18. Kd2 Nd3 19. Bc3 Qc6 20. Qa3 b5 21. Bb4 Nb8
22. Nc3 Nxb4 23. Qxb4 Bd7 24. Na2 Qa6 25. Qb2 Qa5+ 26. Nb4 Nc6 27. Kc3 O-O 28.
Be2 Ra8 29. Rb1 g6 30. Kc2 1/2-1/2

[Event "4NCL/Div2/SCS-SWD"]
[Site "Rd3-Birmingham"]
[Date "1999.11.20"]
[Round "3.8"]
[White "Cast, Jason"]
[Black "Partington, Anna"]
[Result "1/2-1/2"]
[WhiteElo "1848"]
[BlackElo "1496"]
[PlyCount "44"]
[EventDate "1999.11.20"]
[Source "Britbase"]
[SourceDate "2000.01.01"]

1. e4 d5 2. exd5 Nf6 3. Nc3 Nxd5 4. Bc4 e6 5. Qf3 c6 6. Nge2 Nd7 7. d4 N7b6 8.
Bb3 Nxc3 9. Nxc3 Qxd4 10. Be3 Qf6 11. Qg3 Bb4 12. O-O-O Nd5 13. Nxd5 exd5 14.
Bg5 Qd6 15. Rhe1+ Be6 16. Bf4 Qf8 17. c3 Bc5 18. Bb8 g6 19. Rd2 Qh6 20. Bf4 Qf8
21. Bb8 Qh6 22. Bf4 Qf8 1/2-1/2

[Event "4NCL/Div2/SL2-TWR"]
[Site "Rd3-Birmingham"]
[Date "1999.11.20"]
[Round "3.1"]
[White "Houska, Jovanka"]
[Black "Burnett, Jim"]
[Result "1-0"]
[WhiteElo "2251"]
[BlackElo "2215"]
[PlyCount "103"]
[EventDate "1999.11.20"]
[Source "Britbase"]
[SourceDate "2000.01.01"]

1. e4 d5 2. exd5 Qxd5 3. Nc3 Qa5 4. d4 Nf6 5. Bc4 c6 6. Bd2 Bf5 7. Nf3 e6 8.
Qe2 Bb4 9. O-O-O Nbd7 10. Nh4 O-O 11. Nxf5 exf5 12. a3 Bxc3 13. Bxc3 Qc7 14.
Qf3 Nb6 15. Bd3 g6 16. Bd2 Rfe8 17. g4 Nxg4 18. Bxf5 gxf5 19. Qxf5 Qd7 20. Qg5+
Kh8 21. f3 Rg8 22. Qh4 Qd8 23. Qxd8 Raxd8 24. fxg4 Rxg4 25. Rhg1 Rxg1 26. Rxg1
Rd6 27. b3 Rg6 28. Re1 Re6 29. Rf1 Kg7 30. c4 Rf6 31. Bf4 Kg6 32. Kd2 Nd7 33.
Ke3 Re6+ 34. Kd3 f5 35. Rg1+ Kf6 36. Rg8 Re4 37. Be3 Rg4 38. Rxg4 fxg4 39. Ke4
h5 40. d5 a6 41. Kf4 cxd5 42. cxd5 Ke7 43. Kg5 Nf6 44. Bc5+ Kf7 45. Bd4 Ne4+
46. Kxh5 g3 47. hxg3 Nxg3+ 48. Kg5 Ne4+ 49. Kf5 Nd2 50. b4 b5 51. d6 Nc4 52.
Bc5 1-0

[Event "4NCL/Div2/SL2-TWR"]
[Site "Rd3-Birmingham"]
[Date "1999.11.20"]
[Round "3.2"]
[White "Waters, Clive"]
[Black "Richmond, Robert"]
[Result "1-0"]
[WhiteElo "2158"]
[BlackElo "2237"]
[PlyCount "43"]
[EventDate "1999.11.20"]
[Source "Britbase"]
[SourceDate "2000.01.01"]

1. d4 Nf6 2. Nf3 c5 3. e3 b6 4. Bd3 e6 5. O-O Be7 6. b3 O-O 7. Bb2 cxd4 8. exd4
Ba6 9. c4 d5 10. Ne5 Qc7 11. Nd2 dxc4 12. bxc4 Bb7 13. Rc1 Nc6 14. f4 Rfd8 15.
Ndf3 h6 16. Qe2 Rac8 17. Kh1 Nd7 18. Bb1 Nf8 19. Ng4 Na5 20. Nfe5 Ba6 21. Nxh6+
gxh6 22. Qg4+ 1-0

[Event "4NCL/Div2/SL2-TWR"]
[Site "Rd3-Birmingham"]
[Date "1999.11.20"]
[Round "3.3"]
[White "Armstrong, Malcolm"]
[Black "White, Mark"]
[Result "0-1"]
[WhiteElo "2152"]
[BlackElo "2144"]
[PlyCount "104"]
[EventDate "1999.11.20"]
[Source "Britbase"]
[SourceDate "2000.01.01"]

1. d4 Nf6 2. Nf3 e6 3. c4 b6 4. g3 Bb7 5. Bg2 Bb4+ 6. Nc3 O-O 7. O-O Bxc3 8.
bxc3 c5 9. d5 exd5 10. Nh4 Ne4 11. cxd5 Re8 12. Qd3 Ba6 13. Qc2 Nf6 14. Re1 d6
15. c4 b5 16. cxb5 Bxb5 17. Bb2 Nbd7 18. e4 Rb8 19. a4 Ba6 20. Nf5 Ne5 21. Bc3
Qd7 22. f4 Nd3 23. Re3 Nb4 24. Qd2 Rb6 25. Nxg7 Kxg7 26. g4 Kf8 27. Bxf6 Qxg4
28. f5 Qf4 29. Rae1 Reb8 30. Qc3 Na2 31. Bg7+ Ke8 32. Qf6 Rb2 33. Qxb2 Rxb2 34.
Bxb2 Nb4 35. Bc1 Qe5 36. Rg3 Kd7 37. Bd2 Qd4+ 38. Be3 Qc3 39. Bf2 Qe5 40. Kh1
Nd3 41. Re2 Nxf2+ 42. Rxf2 Qa1+ 43. Bf1 Bxf1 44. Rg1 Qxa4 45. Rgxf1 Qxe4+ 46.
Kg1 Qxd5 47. Ra1 a5 48. Rxa5 Qd1+ 49. Kg2 c4 50. Ra7+ Kc6 51. f6 c3 52. Ra8 Kd5
0-1

[Event "4NCL/Div2/SL2-TWR"]
[Site "Rd3-Birmingham"]
[Date "1999.11.20"]
[Round "3.4"]
[White "Mopati, Jobe"]
[Black "Ghasi, Ameet"]
[Result "0-1"]
[WhiteElo "2180"]
[BlackElo "2032"]
[PlyCount "86"]
[EventDate "1999.11.20"]
[Source "Britbase"]
[SourceDate "2000.01.01"]

1. d4 Nf6 2. c4 g6 3. Nc3 Bg7 4. e4 d6 5. Nge2 c6 6. Ng3 a6 7. Be2 b5 8. a3 O-O
9. Bg5 bxc4 10. Qd2 Nbd7 11. Bxc4 Rb8 12. O-O Nb6 13. Be2 a5 14. Rac1 Nfd7 15.
Nd1 c5 16. d5 a4 17. Bh6 Nf6 18. Bxg7 Kxg7 19. f4 Kg8 20. Nc3 Bb7 21. Bb5 Qc7
22. Kh1 Ra8 23. f5 Nbd7 24. Bxa4 Ne5 25. Bb5 Ba6 26. Bxa6 Rxa6 27. Nd1 Qb7 28.
h3 Ra4 29. fxg6 hxg6 30. Qc2 Ra6 31. Rf4 Qb5 32. Rh4 Qd3 33. Qf2 g5 34. Rh6
Nxe4 35. Nxe4 Qxe4 36. Nc3 Qf4 37. Qc2 f5 38. Qe2 Qxc1+ 39. Kh2 Qf4+ 40. Kh1 g4
41. Rh4 Qg5 42. g3 Rb6 43. hxg4 Qc1+ 0-1

[Event "4NCL/Div2/SL2-TWR"]
[Site "Rd3-Birmingham"]
[Date "1999.11.20"]
[Round "3.5"]
[White "De Coverly, Roger"]
[Black "Jones, Gawain"]
[Result "0-1"]
[WhiteElo "2096"]
[BlackElo "1928"]
[PlyCount "102"]
[EventDate "1999.11.20"]
[Source "Britbase"]
[SourceDate "2000.01.01"]

1. e4 c5 2. Nf3 d6 3. Nc3 Nf6 4. g3 g6 5. Bg2 Bg7 6. O-O Nc6 7. h3 O-O 8. d3
Rb8 9. Be3 Nd7 10. Qd2 Nd4 11. Nd1 Nxf3+ 12. Bxf3 Ne5 13. Bg2 Bxh3 14. Bh6 Qd7
15. Bxg7 Kxg7 16. f4 Nc6 17. f5 Bxg2 18. Qxg2 h5 19. Ne3 Ne5 20. Rf4 g5 21. f6+
exf6 22. Rf5 Rh8 23. Raf1 Rh6 24. Nd5 Ng4 25. Qd2 Rg6 26. Qc3 Qe6 27. Nc7 Qc8
28. Nd5 Qd8 29. Qd2 Rc8 30. Kg2 Qd7 31. Qc3 Qe6 32. Qa5 a6 33. Rh1 h4 34. Qd2
hxg3 35. Kxg3 Nh6 36. Rf2 Qg4+ 37. Kh2 Nf5 38. Rg2 Rh8+ 39. Kg1 Rxh1+ 40. Kxh1
Qh3+ 41. Kg1 Nh4 42. Rf2 Nf3+ 43. Rxf3 Qxf3 44. Ne7 Qg4+ 45. Kf2 Qh4+ 46. Kg2
Qf4 47. Qxf4 gxf4+ 48. Kf2 Rg5 49. c4 f5 50. exf5 Kf6 51. Nc8 Ke5 0-1

[Event "4NCL/Div2/SL2-TWR"]
[Site "Rd3-Birmingham"]
[Date "1999.11.20"]
[Round "3.6"]
[White "Mitchell, Gareth"]
[Black "Hunt, Malcolm"]
[Result "1/2-1/2"]
[WhiteElo "1544"]
[BlackElo "1984"]
[PlyCount "43"]
[EventDate "1999.11.20"]
[Source "Britbase"]
[SourceDate "2000.01.01"]

1. e4 e5 2. Bc4 Nf6 3. d4 Nxe4 4. dxe5 Nc5 5. Nf3 Be7 6. Be3 Ne6 7. Bxe6 dxe6
8. Qe2 b6 9. O-O Ba6 10. c4 Nd7 11. Rd1 Qc8 12. Nc3 O-O 13. Ne4 Bb7 14. Bg5
Bxg5 15. Nfxg5 h6 16. Nf3 Bxe4 17. Qxe4 Nc5 18. Qe3 a5 19. Nd4 Qb7 20. Nb3 Nxb3
21. axb3 Rad8 22. Rd3 1/2-1/2

[Event "4NCL/Div2/WES-PP"]
[Site "Rd3-Birmingham"]
[Date "1999.11.20"]
[Round "3.1"]
[White "Rossiter, Philip"]
[Black "Harley, Andrew"]
[Result "1/2-1/2"]
[WhiteElo "2369"]
[BlackElo "2294"]
[PlyCount "93"]
[EventDate "1999.11.20"]
[Source "Britbase"]
[SourceDate "2000.01.01"]

1. e4 c5 2. Nc3 Nc6 3. Bb5 Nd4 4. Nf3 e6 5. O-O a6 6. Bd3 Ne7 7. b3 Nec6 8. Bb2
Nxf3+ 9. Qxf3 Ne5 10. Qg3 Nxd3 11. Qxd3 Be7 12. f4 O-O 13. f5 Bf6 14. Na4 Bxb2
15. Nxb2 f6 16. Qd6 b5 17. Rae1 Bb7 18. Nd3 exf5 19. exf5 c4 20. bxc4 bxc4 21.
Nf4 Rf7 22. Re3 Qf8 23. Qb6 d5 24. Ne6 Qc8 25. Nd4 Qc7 26. Rb1 Rc8 27. c3 Rd7
28. Qxc7 Rdxc7 29. Kf2 Kf7 30. Re6 Re8 31. Rd6 Bc8 32. Rb8 Rb7 33. Rb6 Rxb8 34.
Rxb8 Ke7 35. Ra8 Kd6 36. Ra7 Re7 37. Rxe7 Kxe7 38. Ke3 Kd6 39. g4 g6 40. fxg6
hxg6 41. Kf4 g5+ 42. Kf3 Bd7 43. h3 Be8 44. Nf5+ Ke5 45. Ke3 Bg6 46. Nd4 Kd6
47. Nf3 1/2-1/2

[Event "4NCL/Div2/WES-PP"]
[Site "Rd3-Birmingham"]
[Date "1999.11.20"]
[Round "3.2"]
[White "Swanson, Stephen"]
[Black "Corkett, Anthony"]
[Result "1/2-1/2"]
[WhiteElo "2283"]
[BlackElo "2295"]
[PlyCount "155"]
[EventDate "1999.11.20"]
[Source "Britbase"]
[SourceDate "2000.01.01"]

1. e4 c5 2. Nf3 Nc6 3. Bb5 g6 4. O-O Bg7 5. d3 Nf6 6. Nc3 O-O 7. Bxc6 bxc6 8.
h3 d6 9. a3 Rb8 10. Re1 e5 11. b4 cxb4 12. axb4 Qc7 13. Rb1 d5 14. Bg5 dxe4 15.
dxe4 Ba6 16. Qc1 Bc4 17. Qa3 Rfe8 18. Qa5 Rb7 19. Qxc7 Rxc7 20. Na4 Nd7 21. Nd2
Be6 22. Be3 Bf8 23. Rb2 Rb8 24. Reb1 Rcb7 25. c3 a6 26. Nf3 f6 27. Ne1 Bc4 28.
Rd2 c5 29. Nb2 Be6 30. Nbd3 cxb4 31. cxb4 a5 32. f4 axb4 33. Nf3 Bc4 34. Nb2
Bb5 35. Rc1 Ra8 36. fxe5 Nxe5 37. Bf4 Nxf3+ 38. gxf3 g5 39. Be3 b3 40. Rd5 Bg7
41. Bd4 Bd7 42. Kg2 Ra2 43. Re1 Be6 44. Rd6 Kf7 45. Re2 h5 46. Rf2 Rc7 47. Rb6
Rd7 48. Bc3 Bf8 49. Rc6 Bd6 50. h4 Rc7 51. Rxd6 Rxc3 52. Rdd2 gxh4 53. f4 f5
54. e5 h3+ 55. Kh2 h4 56. Rfe2 Ke7 57. Rf2 Bc8 58. e6 Re3 59. Rfe2 Rxe2+ 60.
Rxe2 Ba6 61. Rd2 Kxe6 62. Kxh3 Bd3 63. Rxd3 Rxb2 64. Kxh4 Rh2+ 65. Kg3 b2 66.
Rb3 Rc2 67. Kh4 Kd5 68. Kg5 Kc4 69. Rb8 Rd2 70. Rc8+ Kd3 71. Rb8 Kc2 72. Kxf5
b1=Q 73. Rxb1 Kxb1 74. Kg6 Rg2+ 75. Kf6 Kc2 76. f5 Kd3 77. Ke7 Rg7+ 78. Ke8
1/2-1/2

[Event "4NCL/Div2/WES-PP"]
[Site "Rd3-Birmingham"]
[Date "1999.11.20"]
[Round "3.3"]
[White "Simons, Martin"]
[Black "Hammond, Andrew"]
[Result "0-1"]
[WhiteElo "2264"]
[BlackElo "2212"]
[PlyCount "54"]
[EventDate "1999.11.20"]
[Source "Britbase"]
[SourceDate "2000.01.01"]

1. e4 c5 2. d3 Nc6 3. g3 g6 4. Bg2 Bg7 5. f4 d6 6. Nf3 e5 7. O-O Nge7 8. Nc3
O-O 9. f5 gxf5 10. Nh4 f4 11. gxf4 exf4 12. Bxf4 Ng6 13. Nf5 Nxf4 14. Rxf4 Be5
15. Qg4+ Kh8 16. Rf3 Rg8 17. Qh5 Rg5 18. Qxf7 Bxc3 19. bxc3 Ne5 20. Nh6 Nxf3+
21. Qxf3 Be6 22. Rf1 Qe7 23. Kh1 Qg7 24. Nf5 Qxc3 25. Nxd6 Rag8 26. e5 Qxe5 27.
Bh3 Qd4 0-1

[Event "4NCL/Div2/WES-PP"]
[Site "Rd3-Birmingham"]
[Date "1999.11.20"]
[Round "3.4"]
[White "Rosen, Daniel"]
[Black "Upton, Ian"]
[Result "1/2-1/2"]
[WhiteElo "2239"]
[BlackElo "2238"]
[PlyCount "22"]
[EventDate "1999.11.20"]
[Source "Britbase"]
[SourceDate "2000.01.01"]

1. e4 e6 2. d4 d5 3. Nc3 Nf6 4. Bg5 dxe4 5. Nxe4 Be7 6. Nxf6+ Bxf6 7. Bxf6 Qxf6
8. Nf3 O-O 9. Bd3 Nd7 10. O-O c5 11. c3 cxd4 1/2-1/2

[Event "4NCL/Div2/WES-PP"]
[Site "Rd3-Birmingham"]
[Date "1999.11.20"]
[Round "3.5"]
[White "Yeo, Michael"]
[Black "Moore, Gerald"]
[Result "1/2-1/2"]
[WhiteElo "2201"]
[BlackElo "2202"]
[PlyCount "127"]
[EventDate "1999.11.20"]
[Source "Britbase"]
[SourceDate "2000.01.01"]

1. e4 d5 2. exd5 Qxd5 3. Nc3 Qa5 4. d4 c6 5. Nf3 Nf6 6. Ne5 Be6 7. Nc4 Qd8 8.
Bg5 Nbd7 9. Qd2 h6 10. Bh4 g6 11. Bd3 Bg7 12. O-O O-O 13. Rae1 Bxc4 14. Bxc4
Nb6 15. Bb3 Qd7 16. Ne2 c5 17. Qd3 Rac8 18. Bxf6 exf6 19. dxc5 Qxd3 20. cxd3
Rxc5 21. Nf4 g5 22. d4 Rc7 23. Ng6 Rd8 24. Ne7+ Kf8 25. Nf5 Nc8 26. Rc1 Rcd7
27. f4 Nd6 28. Nxd6 Rxd6 29. Rc7 R6d7 30. Rxd7 Rxd7 31. d5 gxf4 32. Rxf4 f5 33.
Rxf5 Bxb2 34. Kf2 f6 35. Kf3 Be5 36. Rh5 Kg7 37. Kg4 b5 38. Kf5 Rd6 39. Rh4 a6
40. Rg4+ Kf7 41. Rg6 Bxh2 42. Rxh6 Bg3 43. Rh7+ Ke8 44. Rb7 Kd8 45. Rg7 Be5 46.
Rf7 Rd7 47. Rf8+ Ke7 48. Ra8 Rd6 49. Ra7+ Kd8 50. Ke4 Kc8 51. Bd1 Kb8 52. Rf7
a5 53. Bg4 Rb6 54. Bd7 a4 55. Bc6 a3 56. Rf8+ Kc7 57. Ra8 b4 58. Ba4 Rb8 59.
Rxb8 Kxb8 60. Kf5 Kc7 61. Ke6 Kd8 62. g4 Bc3 63. d6 Bb2 64. Kd5 1/2-1/2

[Event "4NCL/Div2/WES-PP"]
[Site "Rd3-Birmingham"]
[Date "1999.11.20"]
[Round "3.6"]
[White "Ledger, Stephen"]
[Black "Pleasants, Allan"]
[Result "1-0"]
[WhiteElo "2162"]
[BlackElo "2072"]
[PlyCount "67"]
[EventDate "1999.11.20"]
[Source "Britbase"]
[SourceDate "2000.01.01"]

1. d4 Nf6 2. Nf3 g6 3. Bf4 Bg7 4. e3 d6 5. h3 Nbd7 6. Be2 O-O 7. O-O c5 8. c4
Re8 9. Nc3 cxd4 10. exd4 Nb6 11. Qb3 Be6 12. Ng5 Qc8 13. Nxe6 Qxe6 14. Rfe1 Qf5
15. Be3 h5 16. Rad1 e5 17. Nb5 Rad8 18. dxe5 Qxe5 19. Nxa7 Nbd7 20. Nb5 Nc5 21.
Qc2 Nfe4 22. b4 Ne6 23. Rd5 Qb2 24. Qxe4 Nc7 25. Qb1 Qxb1 26. Rxb1 Nxd5 27.
cxd5 Re5 28. Bf3 Re7 29. Bg5 f6 30. Bf4 Red7 31. Re1 Kf7 32. Re6 Bf8 33. a4 Re8
34. Bxd6 1-0

[Event "4NCL/Div2/WES-PP"]
[Site "Rd3-Birmingham"]
[Date "1999.11.20"]
[Round "3.7"]
[White "Pye, David"]
[Black "Hansen, Hans-Peter"]
[Result "0-1"]
[WhiteElo "2072"]
[BlackElo "2056"]
[PlyCount "44"]
[EventDate "1999.11.20"]
[Source "Britbase"]
[SourceDate "2000.01.01"]

1. d4 Nf6 2. Nc3 d5 3. Bg5 Nbd7 4. f3 c6 5. e4 dxe4 6. fxe4 e5 7. Nf3 Qa5 8.
Bd2 exd4 9. Nxd4 Qb6 10. Nf5 Ne5 11. Be3 Qxb2 12. Bd4 Bb4 13. Rb1 Bxc3+ 14. Ke2
Bxf5 15. exf5 Qxb1 16. Qxb1 Bxd4 17. Qxb7 O-O 18. g4 Rab8 19. Qa6 Nd5 20. c4
Rb2+ 21. Kd1 Ne3+ 22. Kc1 Rc2+ 0-1

[Event "4NCL/Div2/WES-PP"]
[Site "Rd3-Birmingham"]
[Date "1999.11.20"]
[Round "3.8"]
[White "Vann, Monica"]
[Black "Howard, Emily"]
[Result "1/2-1/2"]
[WhiteElo "1624"]
[BlackElo "2037"]
[PlyCount "62"]
[EventDate "1999.11.20"]
[Source "Britbase"]
[SourceDate "2000.01.01"]

1. e4 c6 2. d4 d5 3. e5 Bf5 4. Bd3 Bg6 5. Nf3 e6 6. O-O Nd7 7. Be3 Ne7 8. Nh4
Bxd3 9. Qxd3 Ng6 10. Nf3 Be7 11. Nc3 O-O 12. Ne2 c5 13. c3 c4 14. Qd2 b5 15. b4
a5 16. a3 Qc7 17. h3 Ra6 18. Ra2 Rfa8 19. Rfa1 Qa7 20. Nc1 f5 21. Nh2 Nb6 22.
f4 Na4 23. Nf3 Qb7 24. Qc2 R8a7 25. Bd2 Qa8 26. g3 Nh8 27. h4 Nf7 28. Be1 Nh6
29. Nh2 Qe8 30. Qe2 Qg6 31. Kh1 Kh8 1/2-1/2

[Event "4NCL/Div2/BAR2-BIG2"]
[Site "Rd4-Birmingham"]
[Date "1999.11.21"]
[Round "4.1"]
[White "Pritchett, Craig"]
[Black "Mason, Don"]
[Result "1/2-1/2"]
[WhiteElo "2313"]
[BlackElo "2264"]
[PlyCount "42"]
[EventDate "1999.11.21"]
[Source "Britbase"]
[SourceDate "2000.01.01"]

1. c4 Nf6 2. Nc3 e5 3. e3 Bb4 4. Qc2 O-O 5. Bd3 c6 6. Nf3 Re8 7. Ng5 h6 8. Nge4
d5 9. Nxf6+ Qxf6 10. cxd5 Bxc3 11. bxc3 cxd5 12. O-O Nc6 13. f4 e4 14. Be2 Be6
15. Rb1 Rac8 16. Qa4 Rc7 17. Rb5 Qd8 18. Ba3 f5 19. Bh5 Bf7 20. Be2 b6 21. Rbb1
Na5 1/2-1/2

[Event "4NCL/Div2/BAR2-BIG2"]
[Site "Rd4-Birmingham"]
[Date "1999.11.21"]
[Round "4.2"]
[White "Naylor, John"]
[Black "Palliser, Richard"]
[Result "1-0"]
[WhiteElo "2233"]
[BlackElo "2253"]
[PlyCount "83"]
[EventDate "1999.11.21"]
[Source "Britbase"]
[SourceDate "2000.01.01"]

1. e4 c5 2. Nf3 Nc6 3. d4 cxd4 4. Nxd4 g6 5. c4 Nf6 6. Nc3 d6 7. Be2 Nxd4 8.
Qxd4 Bg7 9. Be3 O-O 10. Qd2 Be6 11. f3 Qa5 12. Rc1 Rfc8 13. b3 a6 14. Na4 Qxd2+
15. Kxd2 Nd7 16. g4 f5 17. exf5 gxf5 18. Nc3 Nf6 19. Rhg1 fxg4 20. fxg4 d5 21.
g5 Ne4+ 22. Nxe4 dxe4 23. Bg4 Rd8+ 24. Ke2 Bf7 25. Rcd1 a5 26. Rxd8+ Rxd8 27.
Rd1 Rd3 28. Rxd3 exd3+ 29. Kxd3 Bg6+ 30. Kd2 Be4 31. Be6+ Kf8 32. Bd5 Bxd5 33.
cxd5 Be5 34. h4 Kf7 35. Kd3 e6 36. Ke4 Bd6 37. h5 exd5+ 38. Kxd5 Bc7 39. a4 Bb8
40. Bd2 Bc7 41. Ke4 Ke6 42. Bc3 1-0

[Event "4NCL/Div2/BAR2-BIG2"]
[Site "Rd4-Birmingham"]
[Date "1999.11.21"]
[Round "4.3"]
[White "Duncan, Chris"]
[Black "Barnes, Michael"]
[Result "0-1"]
[WhiteElo "2297"]
[BlackElo "2245"]
[PlyCount "70"]
[EventDate "1999.11.21"]
[Source "Britbase"]
[SourceDate "2000.01.01"]

1. c4 g6 2. e4 Bg7 3. d4 d6 4. Nc3 Nf6 5. Nf3 O-O 6. Be2 e5 7. O-O Na6 8. Be3
Ng4 9. Bg5 f6 10. Bc1 c6 11. Rb1 exd4 12. Nxd4 f5 13. exf5 gxf5 14. Bf4 Qf6 15.
Nc2 Ne5 16. Qd2 Be6 17. Rfe1 Nxc4 18. Bxc4 Bxc4 19. Qxd6 Rad8 20. Qxf6 Bxf6 21.
Ne3 Bd3 22. Rbd1 Nc5 23. Rd2 Rfe8 24. Red1 b5 25. a3 Kf7 26. Na2 Be4 27. f3
Rxd2 28. Rxd2 Bb1 29. Nb4 Re6 30. Rd1 a5 31. Rxb1 axb4 32. Nxf5 Nd3 33. Bd2 b3
34. Bc3 Bxc3 35. bxc3 b2 0-1